Being FTII/ (Record no. 203314)

MARC details
000 -LEADER
fixed length control field 00594nam a22001817a 4500
005 - DATE AND TIME OF LATEST TRANSACTION
control field 20240528122845.0
010 ## - LCCN (DPL NO)
LC control number ENG-140519
020 ## - INTERNATIONAL STANDARD BOOK NUMBER
Terms of availability 850.00
International Standard Book Number 9789354091186
035 ## - SYSTEM CONTROL NUMBER
System control number EN-124051
037 ## - SOURCE OF ACQUISITION
Source of stock number/acquisition DBAD/PUB
082 ## - DEWEY DECIMAL CLASSIFICATION NUMBER
Classification number 791.4
245 ## - TITLE STATEMENT
Title Being FTII/
Medium English
Remainder of title Perspectives on the Film and Television Institute of India
250 ## - EDITION STATEMENT
Edition statement 1
260 ## - PUBLICATION, DISTRIBUTION, ETC. (IMPRINT)
Place of publication, distribution, etc New Delhi
Name of publisher, distributor, etc Publication Division
270 ## - ADDRESS
City New Delhi
Address Publication Division, Ministry Of Information & Broadcasting, Government Of India
Postal code 110001
300 ## - PHYSICAL DESCRIPTION
Extent 191p
Dimensions 22 cm(hbk)
942 ## - ADDED ENTRY ELEMENTS (KOHA)
Source of classification or shelving scheme Dewey Decimal Classification
Item type English Books
Classification part 791.4
Call number suffix FTI
Holdings
Withdrawn status Lost status Not for loan Collection code Home library Current library Date acquired Source of acquisition Cost, normal purchase price Full call number Barcode Copy number Cost, replacement price Koha item type
    Not For Loan Reference Ashok Vihar Ashok Vihar 28/05/2024 DBAD 850.00 791.4 FTI EN-124051 1 850.00 English Books

© Delhi Public Library
Hit Counter
free hit counter